Statistiche per Province italiane per Popolazione

Clicka qui per fare il quiz!

Statistiche generali

  • Questo quiz è stato fatto 3 volte
  • Il punteggio medio è 14 su 15

Statistiche sulle risposte

Popolazione (ab.)Provincia% Corretto
1 225 048Bari
100%
1 014 124Bologna
100%
1 257 326Brescia
100%
1 074 434Catania
100%
988 194Firenze
100%
3 228 006Milano
100%
2 980 338Napoli
100%
930 349Padova
100%
1 204 189Palermo
100%
4 227 059Roma
100%
1 061 067Salerno
100%
2 204 632Torino
100%
925 656Verona
100%
1 106 303Bergamo
67%
906 074Caserta
33%

Distribuzione punteggi

Percentile per numero di risposta

Percentuale di utenti per punteggio

I tuoi punteggi nel tempo

Non hai fatto questo quiz